000 00471nam a2200145 4500
999 _c11428
_d11428
008 181203b ||||| |||| 00| 0 eng d
022 _a2094-8042
082 _aDPer 050 T48 Apr-June 2016 v. 187, n. 12-24
100 _932768
_aEnsler, Eve.
245 _aNadia Murad:
_ba witness for war's victims/
_cEve Ensler.
260 _aHong Kong;
_bTime Asia,
_cc2016.
300 _av187 n16-17, page 24:
_billustrations;
_c27 cm.
650 0 _932769
_aTerrorism.
942 _2ddc
_cPER